5HLuxD.jpg

KING HENRY VIII SENIOR AND PRIMARY SCHOOL LIBRARY OPAC

Kamus Fajar KSSR : (Record no. 1133)

000 -LEADER
fixed length control field 00636nam a22002057a 4500
005 - DATE AND TIME OF LATEST TRANSACTION
control field 20211011101335.0
008 - FIXED-LENGTH DATA ELEMENTS--GENERAL INFORMATION
fixed length control field 211011b ||||| |||| 00| 0 eng d
020 ## - INTERNATIONAL STANDARD BOOK NUMBER
International Standard Book Number 9789834508890
040 ## - CATALOGING SOURCE
Transcribing agency KH8
082 ## - DEWEY DECIMAL CLASSIFICATION NUMBER
Classification number 499.233 ARB
100 ## - MAIN ENTRY--PERSONAL NAME
Personal name Arbak Othman
Dates associated with a name 1944-
Relator term author
245 ## - TITLE STATEMENT
Title Kamus Fajar KSSR :
Remainder of title bahasa Malaysia-bahasa Malaysia-bahasa Inggeris /
Statement of responsibility, etc. Arbak Othman ; disemak dan dikemaskini oleh Nik Safiah Karim
250 ## - EDITION STATEMENT
Edition statement 2nd ed.
260 ## - PUBLICATION, DISTRIBUTION, ETC.
Place of publication, distribution, etc. Oxford Fajar :
Name of publisher, distributor, etc. Selangor,
Date of publication, distribution, etc. 2011.
300 ## - PHYSICAL DESCRIPTION
Extent 640 p. ;
Other physical details som il.
Dimensions 20 cm.
650 ## - SUBJECT ADDED ENTRY--TOPICAL TERM
Topical term or geographic name entry element Dictionary
650 ## - SUBJECT ADDED ENTRY--TOPICAL TERM
Topical term or geographic name entry element Malay language
700 ## - ADDED ENTRY--PERSONAL NAME
Personal name Nik Safiah Karim
942 ## - ADDED ENTRY ELEMENTS (KOHA)
Source of classification or shelving scheme
Koha item type Reference
Holdings
Withdrawn status Lost status Source of classification or shelving scheme Damaged status Not for loan Collection code Permanent Location Current Location Shelving location Date acquired Full call number Barcode Date last seen Price effective from Koha item type
          Non-Fiction KH8 Senior School Library KH8 Senior School Library Reference 2021-10-11 499.233 ARB 3KHSL000101860 2021-10-11 2021-10-11 Reference

Powered By KH8 IT Dept